000 02069nam a22001577a 4500
041 _aukr
080 _a09
090 _bБУХ
100 _aБухтіярова, М. А.
245 _aЕтичні проблеми наукової фантастики (за творами С. Лема "Повернення з зірок", "Соляріс", Р. Бредбері "451 градус за Фарангейтом")
260 _aОстрог
_bКАФ
_c2014
300 _a73
520 _aВступ. Розділ І. Розвиток науково-фантастичного роману ХХ ст. в епоху НТР. 1.1. Епоха НТР ХХ ст.: проблеми морального і культурного характеру 1.2. Стильова багатоаспектність творчості С. Лема 1.3. Сукупність художніх засобів, з яких збудований "дивовижний світ фантастики" Р. Бредбері 1.4. Образ Чужого в науково-фантастичній антиутопії 1.5. Жанрові особливості науково-фантастичного роману Висновки до Розділу І. Розділ ІІ. Розвиток морально-етичних цінностей під впливом науково-технічного прогресу. 2.1. Насадження моралі: бетризація та інші досліди над особою 2.2. Етика щастя у романах С. Лема та Р. Бредбері 2.2.1. Взаємовідносини чоловіка та жінки в "автоматизованому" світі 2.3. Кореляція науково-технічного прогресу і моральності людини Висновки до Розділу ІІ. Висновки. Список використаної літератури. Додатки.
_0наукова фантастика, мораль, етика
650 _aResearch Papers
999 _c285398
_d285398
942 _cBK